Training instruments for human resource development (Record no. 166750)

MARC details
000 -LEADER
fixed length control field 00386nam a2200145Ia 4500
008 - FIXED-LENGTH DATA ELEMENTS--GENERAL INFORMATION
fixed length control field 231217s9999 xx 000 0 und d
041 ## - LANGUAGE CODE
Language code of text/sound track or separate title English
082 ## - DEWEY DECIMAL CLASSIFICATION NUMBER
Classification number 658.3 PAR `R'
100 ## - MAIN ENTRY--PERSONAL NAME
Personal name Pareek, Udai
245 #0 - TITLE STATEMENT
Title Training instruments for human resource development
260 ## - PUBLICATION, DISTRIBUTION, ETC.
Date of publication, distribution, etc. 1997
Name of publisher, distributor, etc. New Delhi : TMH,
300 ## - PHYSICAL DESCRIPTION
Extent xi+636
650 ## - SUBJECT ADDED ENTRY--TOPICAL TERM
Topical term or geographic name entry element Human resource development
942 ## - ADDED ENTRY ELEMENTS (KOHA)
Koha item type Books
Holdings
Date last seen Total checkouts Full call number Accession number Cost, total (INR) price Price effective from Category Lost status Damaged status Department Withdrawn status Home library Current library Entry date Vendor Cost, normal purchase price Grants Billnumber Billdate Currency symbol Conversion rate Discount Old discount
26/01/2024   658.3 PAR `R' 14692 505.75 26/01/2024 Books     Central Library   Central Library Central Library 29/11/1999 Sai Books 595.00 MBA 884 03/08/2002 RS 1 89.25 15
26/01/2024   658.3 PAR;1 `R1' 14693 505.75 26/01/2024 Books     Central Library   Central Library Central Library 29/11/1999 Sai Books 595.00 MBA 884 03/08/2002 RS 1 89.25 15
26/01/2024   658.3 PAR;2 14694 505.75 26/01/2024 Books     Central Library   Central Library Central Library 29/11/1999 Sai Books 595.00 MBA 884 03/08/2002 RS 1 89.25 15
26/01/2024   658.3 PAR;3 14695 505.75 26/01/2024 Books     Central Library   Central Library Central Library 29/11/1999 Sai Books 595.00 MBA 884 03/08/2002 RS 1 89.25 15

© For any Suggestions or Query, please contact the library staff @ librarian@pes.edu or Phone: +9180 2672 1983/ 2108.